[Event "Lausanne YM Pool B"]
[Site "Lausanne"]
[Date "1999.05.13"]
[Round "3"]
[White "Pelletier, Yannick"]
[Black "Asrian, Karen"]
[Result "0-1"]
[WhiteElo "2483"]
[BlackElo "2576"]
[Annotator "Pelletier,Y"]
[PlyCount "54"]
[EventDate "1999.05.??"]
[EventType "tourn"]
[EventRounds "3"]
[EventCountry "SUI"]
[EventCategory "13"]
[SourceTitle "CBM 071"]
[Source "ChessBase"]
[SourceDate "1999.08.01"]
[SourceVersion "1"]
[SourceVersionDate "1999.08.01"]
[SourceQuality "1"]

1. d4 d5 2. c4 e6 3. Nc3 Nf6 4. Nf3 Be7 5. Bf4 O-O 6. e3 c5 {Obwohl 6...c5 der
Hauptzug ist, kam es als Ueberraschung; Asrian hatte bisher nur 6...Sbd7 oder
6...c6 vertraut, was sicher nicht so gut ist, wie der Textzug.} 7. dxc5 Bxc5 8.
a3 Nc6 9. cxd5 {Ich entschied, die Variante 9.Qc2 Qa5 10.0-0-0 nicht zu
spielen, da ich spürte, dass mein Gegner darauf vorbereitet sein musste.
Spielbar ist übrigens auch 9.b4.} Nxd5 10. Nxd5 exd5 11. Rc1 ({Präziser ist
eigentlich} 11. Bd3 Bb6 12. O-O d4 13. e4 Bg4 {mit wahrscheinlichem Uebergang
zur Partie.}) 11... Bb6 12. Bd3 d4 (12... Qf6 {war die interessante
Alternative.}) 13. e4 Bg4 14. h3 Bh5 15. g4 Bg6 16. O-O Rc8 {Eine interessante
strategische Stellung ist entstanden. Der ganze Kampf dreht sich um den Bauern
d4, der als stark/schwach bezeichnet werden kann. Schwach, weil er im Moment
vernünftig blockiert ist, stark, weil er dem Nachziehenden gute dynamische
Möglichkeiten einräumt.} 17. Bg3 ({In der Stammpartie Karpov-Beliavsky 
(Tilburg 1993) wurde} 17. Re1 Kh8 18. Kg2 f6 19. Nh4 Bc7 {mit Ausgleich
gespielt.}) ({Meiner Meinung nach hat Mikhail Gurevich in seiner Begegnung mit
Paul Van den Sterren (Andorra zt 1998) den richtigen Plan gezeigt:} 17. Re1 Kh8
18. e5 $1 {(in dieser Partie stand kein R auf c8, sondern ein auf e8; das
ändert aber nicht so viel zur Tatsache, dass e4-e5 richtig ist.)}) {Meine Idee
war es, neben Nh4 auch den Vormarsch des f-Bauern zu erlauben. Karen Asrian
findet aber nach langem Nachdenken einen interessanten Antwort.} 17... f6 $5 (
17... Bc7 18. Bxc7 (18. e5 Bxd3 19. Qxd3 Qd5 20. Ng5 (20. Rfe1 f6 $5) 20... g6
(20... f5 $5) 21. f4 f6 22. exf6 Rxf6 $13) 18... Rxc7 19. Nd2 Ne5 20. Rxc7 (20.
Qe2 Rxc1 21. Rxc1 Qf6) 20... Qxc7 21. Qc2 Qd7 (21... Rc8 22. Qxc7 Rxc7 23. Bb1
$14) 22. f4 Rc8 23. Qb1 Nxd3 24. Qxd3 f6 25. Nb3 {hatte ich bei 17.Bg3 eher
erwartet. Ich war mir nicht sicher, ob ich hier einen Vorteil hatte, dachte
aber, dass ich auf keinen Fall schlechter stehen konnte.}) 18. Nh4 Bf7 ({
Schwarz befürchtet den auf f5 auftauchenden Springer nicht. Wenn man denkt,
dass dieser in ein paar Zügen sogar verloren geht, kann man nur über die
Kaltblütigkeit von Schwarz staunen.} 18... Ne5 19. Nxg6 hxg6 20. Rxc8 Qxc8 21.
Bb1 $5 {hätte Weiss bessere Chancen gelassen.}) 19. Nf5 Bc7 20. f4 $2 {Nach
diesem Zug stehen die weissen Figuren eher ungeschickt.} ({Nach der Partie
berücksichtigten wir} 20. Bxc7 Rxc7 21. Bb5 $1 Ne5 22. f4 Rxc1 23. Qxc1 Ng6 24.
Qc5 {und möglicherweise steht Weiss etwas besser.}) 20... Be6 21. h4 $4 {
[%csl Ye3,Rf5,Yg3,Yh4] Ein katastrophaler Schnitzer.} (21. Bh4 $6 {ist auch
wegen des typischen Gegenschlags} g5 $1 {[%csl Ge5] ungenügend.}) (21. Bb5 {
war der einzige Zug. Die Stellung bliebe aber nach} Bb6 {für Schwarz angenehm.}
) 21... g6 22. Nh6+ Kg7 23. e5 ({Ein verzweifelter Versuch; die taktische
Pointe} 23. g5 fxg5 24. hxg5 Bxf4 $1 25. Bxf4 Rxf4 26. Rxf4 Qxg5+ {hatte ich
bei 21.h4 übersehen.}) 23... fxe5 24. f5 e4 $5 ({Auch} 24... Bd5 {war gut
genug.}) 25. Bxc7 Qxc7 26. Bxe4 Qg3+ 27. Kh1 (27. Bg2 Bd5) 27... Qh3+ {Ich gab
wegen 28.Kg1 Qe3 natürlich auf.} 0-1

[Event "SUI-chT"]
[Site "Switzerland"]
[Date "2008.09.06"]
[Round "6.3"]
[White "Pelletier, Yannick"]
[Black "Sutter, Oliver"]
[Result "1-0"]
[WhiteElo "2569"]
[BlackElo "2380"]
[Annotator "Pelletier,Y"]
[PlyCount "89"]
[EventDate "2008.03.02"]
[EventType "team-tourn"]
[EventRounds "9"]
[EventCountry "SUI"]
[SourceTitle "EXT 2010"]
[Source "ChessBase"]
[SourceDate "2010.11.25"]
[SourceVersion "1"]
[SourceVersionDate "2010.11.25"]
[SourceQuality "1"]
[WhiteTeam "Zuerich"]
[BlackTeam "Winterthur"]
[WhiteTeamCountry "SUI"]
[BlackTeamCountry "SUI"]

1. d4 Nf6 2. c4 e6 3. Nf3 d5 4. Nc3 Be7 5. Bf4 O-O 6. e3 b6 7. cxd5 Nxd5 8.
Nxd5 exd5 9. Be2 (9. Bd3 {wurde viel öfter gespielt, aber ich erkenne dessen
Vorteile gegenüber dem Textzug nicht. Im Gegenteil, falls Schwarz c5 spielt,
stört er einen weißen Turm entlang der d-Linie.}) 9... Bb4+ (9... c5 10. O-O
$14) 10. Nd2 Bd6 11. Bxd6 Qxd6 12. Rc1 Bf5 ({Auf} 12... Ba6 {hatte ich geplant:
} 13. Bxa6 (13. O-O Bxe2 14. Qxe2 $14 {ist auch gut möglich}) 13... Nxa6 14.
Qa4 Nb4 15. O-O c5 16. dxc5 (16. a3 Nd3 17. Rc2 Rac8 (17... a6 18. Qb3 c4 19.
Nxc4 $1 dxc4 20. Qxc4 Nxb2 21. Rxb2 $16) 18. Qa6 Qg6 19. Rc3 Nxb2 20. Qb5 Nc4
21. Nxc4 dxc4 22. Rxc4 cxd4 23. Rxd4 $11) 16... bxc5 17. Rc3 $14) (12... Be6
13. O-O Nd7 14. Qa4 c5 15. Ba6 $14) 13. O-O Nd7 14. Qa4 c5 15. Rfd1 a6 (15...
Rfc8 16. Bf3 $14) 16. dxc5 (16. Qa3 Qg6) 16... Nxc5 (16... bxc5 17. e4 dxe4 18.
Nxe4 Qe7 19. Ng3 $5 Be6 20. Qa5 $14) 17. Qa3 Qg6 18. Nf1 $5 (18. Nb3 Bc2 (18...
Ne4 19. f3 $16) 19. Rd2 Nxb3 20. axb3 Rac8 $132) ({Zu einer angenehmeren
Stellung führt auch} 18. Nf3 Be4 19. b4 Nd7 (19... Ne6 20. Rc6 a5 21. b5 $16)
20. Qc3 a5 21. Qc7 Rfd8 22. bxa5 bxa5 23. g3 $14 {Aber der Textzug gefällt mir
besser}) 18... a5 (18... Ne4 19. f3 (19. Rxd5 $2 Nc3 $1) 19... Nf6 20. Rc6 $36)
19. Ng3 Be6 20. Bf3 Rfd8 21. Qc3 ({Ich übersah einfach die gegnerische Antwort.
Schwarz gleicht zwar damit nicht aus, aber dem Läufertausch wäre ich lieber
entgangen. Genauer war} 21. Ne2 $14) 21... Bg4 $5 22. Bxg4 (22. Bxd5 Bxd1 23.
Bxa8 Bg4 24. Bf3 Bxf3 25. gxf3 Qc6 $132) ({Ich verzichtete auf den Bauergewinn
} 22. Rxd5 Bxf3 23. Rxd8+ Rxd8 24. gxf3 {, da ich meinen König nicht schwächen
wollte. Einen konkreten Plan für die Weiterführung der weißen Stellung sehe
ich zudem auch nicht.}) 22... Qxg4 23. Rd4 Qg5 24. Rcd1 Ne6 (24... Rd7 25. h4
Qe5 26. e4 Rad8 27. exd5 $16) 25. R4d2 (25. f4 $6 Qg4) (25. h4 Qf6 (25... Qe5
26. f4 Qf6 27. Rxd5 Qxh4 28. Nf5 $36) 26. Rxd5 Qxh4 27. Nf5 Rxd5 28. Rxd5 Qb4
29. Qc6 $36) 25... Qg4 $6 (25... Nc5 26. Qd4 Rd7 27. h4 Qg6 28. Qf4 $14) 26.
Qe5 Rac8 (26... f6 27. Qf5 Qxf5 28. Nxf5 $16) (26... g6 27. h3 Qa4 28. Ne2 $16)
27. h3 (27. Nf5 Rc5 28. h3 Qa4 {- 27.h3}) 27... Qa4 (27... f6 28. hxg4 fxe5 29.
Nf5 $5 (29. Rxd5 Rxd5 30. Rxd5 Rc1+ 31. Kh2 Rc2 32. Rxe5 Nc5 $132) 29... Kf7
30. Rxd5 Rxd5 31. Rxd5 Rc1+ 32. Kh2 Rc2 33. Rb5 Rxf2 34. Nd6+ Ke7 35. Nc4 $16)
28. Nf5 Rc5 29. b3 Qa3 30. Ne7+ {Viele andere Züge führen zum Vorteil:} (30.
Rxd5 Rcxd5 31. Rxd5 Rxd5 32. Qxd5 g6 33. Nd4 $16) (30. Kh2 d4 31. Qe4 Rcd5 32.
exd4 Qb4 (32... g6 33. Ne3 Qd6+ 34. Kh1) 33. Ne3 Rxd4 34. Rxd4 Rxd4 35. Rxd4
Qxd4 36. Qxd4 Nxd4 37. Nc4 $16) (30. Rd4 Qb2 31. e4 $16) 30... Kf8 31. Nxd5 Rc1
32. Qf5 (32. Rf1 $5) (32. f4 Qxa2 33. Rxa2 Rxd1+ 34. Kh2 R1xd5 35. Qe4 $16)
32... Rxd1+ 33. Rxd1 Nc7 34. e4 Qxa2 35. Qxh7 Nxd5 36. exd5 Qe2 (36... Qxb3 $2
37. Re1 $18) 37. Rc1 $6 ({Sicherer war wohl} 37. Qh8+ Ke7 38. Qh4+ f6 39. Qd4
$16) 37... Rxd5 $6 (37... Qe5 38. Qh4 Ke8 39. Kf1 Qxd5 40. Qh8+ Ke7 41. Qxg7
$14) (37... Qd2 38. Qh8+ Ke7 39. Rc7+ Rd7 40. Qh4+ g5 41. Qe4+ Kd8 42. Rxd7+ (
42. Rc6) 42... Kxd7 43. Qf5+ Ke7 44. g3 {Weiß sollte dieses Endspiel gewinnen
können, aber es würde noch harte Arbeit bevorstehen.}) 38. Rc8+ Ke7 39. Qxg7
Qe1+ 40. Kh2 Qxf2 $2 ({Einzig im Turmendspiel konnte Schwarz Rettung suchen.
Nach} 40... Qe5+ 41. Qxe5+ Rxe5 42. Rc6 Rb5 43. Rc3 Rb4 44. g4 f5 45. Kg3 fxg4
46. hxg4 Kf6 47. f4 Kg6 (47... b5 48. g5+) 48. Rd3 {würden aber die weißen
Freibauern das Rennen entscheiden.}) 41. Qf8+ Kf6 (41... Ke6 42. Re8+ Kf6 (
42... Kd7 43. Qe7+ Kc6 44. Rc8+ Kb5 45. Qe8+) 43. Qh6+) 42. Rc6+ Ke5 43. Qe7+
Kd4 44. Rc4+ Kd3 45. Qe4+ 1-0

[Event "Olympiad-34"]
[Site "Istanbul"]
[Date "2000.10.31"]
[Round "4.3"]
[White "Pelletier, Yannick"]
[Black "Arlandi, Ennio"]
[Result "1-0"]
[WhiteElo "2474"]
[BlackElo "2437"]
[Annotator "Pelletier,Y"]
[PlyCount "77"]
[EventDate "2000.10.28"]
[EventType "team-swiss"]
[EventRounds "14"]
[EventCountry "TUR"]
[SourceTitle "EXT 2001"]
[Source "ChessBase"]
[SourceDate "2000.11.22"]
[SourceVersion "1"]
[SourceVersionDate "2000.11.22"]
[SourceQuality "1"]
[WhiteTeam "Switzerland"]
[BlackTeam "Italy"]
[WhiteTeamCountry "SUI"]
[BlackTeamCountry "ITA"]

1. Nf3 d5 2. d4 Nf6 3. c4 e6 4. Nc3 Be7 5. Bf4 O-O 6. e3 c5 7. dxc5 Bxc5 8.
cxd5 Nxd5 9. Nxd5 exd5 10. a3 Nc6 11. Bd3 Bb6 12. O-O Bg4 13. h3 Bh5 14. b4 Re8
(14... a6 {scheint mir eine vernünftige Alternative zu sein, obwohl Weiss in
der Begegnung Dreev-Chandler, Hastings 1999/2000, das Gegenteil bewies.}) (
14... d4 {ist ein Bauernopfer, aber Schwarz verbleibt nicht ohne Ersatz:} 15.
b5 Na5 16. exd4 Qf6 (16... Bxf3 17. Qxf3 Bxd4 18. Rad1 {überlässt das
Läuferpaar}) 17. Be3 Bxf3 18. Qxf3 Qxf3 19. gxf3 $14) 15. Ra2 Ne5 $5 ({nach} 
15... d4 16. g4 Bg6 17. Bxg6 hxg6 18. b5 Qd5 19. Rb2 Na5 20. Nxd4 {steht
Schwarz mit einem Bauern in Rückstand, aber wieder gibt es nach} Nc4 21. Rb3 {
sichtliche Kompensation.}) 16. Be2 $146 (16. Bxe5 Bxf3 17. Qxf3 (17. Qa1 Qg5
18. Bg3 Be4) 17... Rxe5 18. Rd1 Qg5 {[%csl Yb6,Yd3] war ungefähr ausgeglichen
in Ehlvest-Kotronias, Reykjavik 1994}) 16... Nc4 (16... Nxf3+ $5 17. Bxf3 Bxf3
18. Qxf3 d4 $1 {war die von mir befürchtete Linie. Ich hatte vor, mit} 19. Qxb7
(19. exd4 $5 Qxd4 20. Rd2 Qe4 (20... Qf6 21. Rd7 $14 g5 $140 22. Bxg5 $1) 21.
Rd7 Qxf3 22. gxf3 $14 Rad8 $140 23. Rxb7 Rd3 24. Kg2 Rxa3 25. Re1 $36) 19...
dxe3 20. Bxe3 Bxe3 21. fxe3 Re7 22. Qf3 {weiterzugehen. Schwarz hat aber genug
nach} Qe8 23. Re2 Rd8 24. e4 Re5 $44 {Aussichstreicher könnte deshalb 19.exd4
sein.}) 17. Qb3 Bc7 $5 ({Den taktischen Trick} 17... Bxf3 $6 18. Bxf3 g5 {
hätte man vor 17.Qb3 sehen sollen. Das war nicht der Fall! Nun ich hatte Glück,
dass Weiss nach} 19. Bg3 Nxe3 20. Re1 $1 Nf5 21. Rxe8+ Qxe8 22. Qxd5 Nxg3 $140
23. Qxg5+ {klar besser steht.}) (17... Rc8 18. Rd1 $14) 18. Rd1 (18. Bxc4 dxc4
(18... Bxf3 $2 19. Bb5) 19. Qxc4 Bxf3 20. gxf3 (20. Bxc7 Qg5 {[%csl Rg2][%cal
Gf3d5]}) (20. Qxc7 Qd5 $1 {[%csl Ra2,Rg2]}) 20... Bxf4 21. Qxf4 Re6 $44 {
[%csl Rg1]}) ({oder} 18. Bxc7 Qxc7 19. Rd1 Rad8 {sind für Schwarz in Ordnung.})
18... Rc8 $2 ({Die Ressource} 18... Bxf4 19. exf4 Bg6 $1 {entging dem
Italiener. Weiss hat dann die Wahl zwischen den Fortsetzungen} 20. Bxc4 ({und} 
20. Ne5 Nxe5 21. Rxd5 Qf6 (21... Nd7 22. Qd1 $16) 22. fxe5 Rxe5 23. Rxe5 Qxe5
24. Bf3 {[%csl Rb7]}) 20... dxc4 21. Rxd8 cxb3 22. Rxa8 Rxa8 23. Rb2 Bc2 24.
Nd4 Rc8 25. Nxb3 {, wobei sein Vorteil in beiden Fällen gering ist.}) 19. Bxc7
Rxc7 20. Qa4 $1 {[%csl Ra7,Rd5,Re8][%cal Gd1d5,Ga4e8] Nun muss Schwarz, um
einen Bauernverlust zu vermeiden, zur passiven Verteidigung schreiten.} Qb8 21.
Qb5 f6 ({Ennio Arlandi entscheidet sich für ein Bauernopfer. Nach} 21... Nb6
22. a4 f6 23. a5 Na8 24. Nd4 {ist seine Stellung in der Tat nicht besonders
attraktiv.}) 22. Bxc4 Rxc4 23. Qxd5+ Bf7 24. Qb5 $2 (24. Qd2 Qc7 25. Nd4 $16)
24... a6 $2 ({In der Variante} 24... Rxb4 25. axb4 $6 (25. Qxb4 Bxa2 26. Rd7 b6
27. Nd4 $14 {[%csl Gd4][%cal Ga7h7,Gh7a7]}) 25... Bxa2 26. Rd7 {übersah ich,
dass} Rc8 {auf c1 Matt droht!}) 25. Qa5 Rc7 26. Raa1 (26. Rad2 Bb3 27. Rd7 b6
28. Qh5 Rec8 {war mir unter leichtem Zeitdruck nicht klar}) 26... Bc4 $138 27.
Rac1 b6 28. Qf5 Be6 29. Qd3 a5 30. Qb5 $138 (30. Nd4 $5) 30... Rec8 31. Rxc7
Qxc7 32. Nd4 Bd7 $6 (32... Bc4 33. Qf5 $16) 33. Qd5+ Kh8 34. bxa5 bxa5 35. Rb1
Be8 36. Rb7 $5 {Für die Rückgabe des Bauern erhält Weiss gefährliche Drohungen
gegen den gegnerischen König.} Qc1+ 37. Kh2 Qxa3 38. Nf5 (38. Rxg7 Kxg7 39.
Qb7+ Kh8 40. Qxc8 Qe7 41. Nf5 $18) 38... Bc6 $4 (38... Bg6 39. Nxg7 $18) 39.
Qxc6 1-0

[Event "Julian Borowski-B 2nd"]
[Site "Essen"]
[Date "2000.05.04"]
[Round "7"]
[White "Pelletier, Yannick"]
[Black "Doettling, Fabian"]
[Result "1-0"]
[WhiteElo "2478"]
[BlackElo "2477"]
[Annotator "Pelletier,Y"]
[PlyCount "101"]
[EventDate "2000.04.27"]
[EventType "tourn"]
[EventRounds "9"]
[EventCountry "GER"]
[EventCategory "10"]
[SourceTitle "CBM 077"]
[Source "ChessBase"]
[SourceDate "2000.07.27"]
[SourceVersion "1"]
[SourceVersionDate "2000.07.27"]
[SourceQuality "1"]

1. d4 d5 2. c4 e6 3. Nc3 Be7 4. Nf3 Nf6 5. Bf4 O-O 6. e3 c5 7. dxc5 Bxc5 8. a3
Nc6 9. Qc2 Qa5 10. O-O-O Be7 11. h4 a6 12. Ng5 Rd8 13. cxd5 exd5 14. e4 dxe4 $6
({Besser ist bekanntlich} 14... Nxe4 15. Ngxe4 (15. Ncxe4 dxe4 16. Rxd8+ Nxd8
17. Qxe4 Qc5+ $1 $17) (15. Bc4 dxc4 (15... Bf5 $5) 16. Rxd8+ Qxd8 17. Rd1 Qa5)
15... dxe4 16. Rxd8+ Qxd8 17. Qxe4 g6 $11 {Gelfand-Karpov, Wijk aan Zee 1998})
15. Bc4 Nd4 16. Rxd4 {Zusammen mit 16.Bxf7 der einzige Zug.} Rxd4 17. Qb3 $2 {
[%cal Rc4b3,Rb3c4]} ({Der natürliche und unverzügliche} 17. Bxf7+ {musste
geschehen, da} Kf8 $6 (17... Kh8 {ist ähnlich zur Partie}) {wegen} 18. Ba2 $1 {
[%cal Gc2b3,Ga2g8] nicht sehr gut ist:} Qf5 (18... Rd3 19. Ncxe4) 19. Be3 Rd3
20. Ngxe4 Rxc3 21. Nxc3 Qxc2+ 22. Kxc2 $14) 17... Bf5 $2 ({Nach} 17... Kf8 {
ist der Unterschied zur vorigen Variante sichtlich. Die weisse Dame kann sich
nicht mehr vor ihrem Läufer stellen.} 18. Bxf7 (18. Be3 Rd6 $1) (18. Bxa6 Be6 (
18... Nd5 $5) 19. Nxe6+ fxe6 20. Bxb7 Rad8 21. Be3 Rd3 $17) 18... Qf5 (18...
Rd3 19. Bd2 $1) 19. Be3 Rd6 20. Bc4 h6 {und Schwarz steht auf Gewinn.}) 18.
Bxf7+ Kh8 (18... Kf8 $2 {ist nun wegen} 19. Bg6 Bxg6 20. Ne6+ Kg8 21. Nxd4+ Kh8
22. Qxb7 Re8 23. Nc6 {nicht zu empfehlen.}) 19. Be6 {[%csl Rc8]} (19. Qxb7 $2
Rc8 {[%csl Ra3,Rb2,Rc1,Rc3][%cal Gc8c1,Ge7a3,Ga5a3,Ga5c3]} 20. Qxe7 Rxc3+ $19)
19... Bg6 $6 ({Man musste etwas Material zurückgeben, um den Druck zu
vermindern. Nach} 19... Rf8 {(19...h6?! 20.Be5!)} 20. Nf7+ Rxf7 21. Bxf7 {
ist die Stellung unklar.}) 20. Qxb7 $1 Re8 $2 {Uebersieht den folgenden Zug.} (
{Im Fall von} 20... Qd8 21. Bf7 ({oder} 21. Be5 Rd3 (21... Rd2 $2 22. Bc7) 22.
Bf5 Qe8 23. Bxg6 hxg6) 21... Rd7 22. Qb3 {wäre die Lage immer noch ungeklärt
geblieben.}) 21. Bc7 $1 {[%csl Ra5]} Qc5 22. Bb6 Qd6 23. Bxd4 Qxd4 24. Nf7+ $1
Kg8 (24... Bxf7 25. Bxf7 Bxa3 26. Bxe8 $1 Qxc3+ 27. Kb1 Qd3+ 28. Ka2 Nxe8 (
28... Qc4+ 29. Kxa3) 29. bxa3 {mit klarem Vorteil.}) 25. Nd6+ Kf8 26. Nxe8 e3 (
26... Nxe8 27. h5 $1 (27. Qd5) 27... Bf7 (27... Bg5+ 28. Kb1) 28. Bxf7 Kxf7 29.
Qxe4 $18) ({und} 26... Bxa3 27. Qc8 {bringen auch nichts ein.}) 27. Rd1 e2 (
27... exf2 28. Qf3 $18) 28. Rxd4 e1=Q+ 29. Rd1 (29. Nd1 $1 Qxe6 30. Nxf6 Bxf6
31. Qb8+ Kf7 32. Qc7+ Kg8 33. Rc4 $18) 29... Qxf2 (29... Qxe6 30. Nxf6 gxf6 31.
Qd5 $18) 30. Bb3 Nxe8 31. Qf3+ Qxf3 32. gxf3 $18 Bxh4 $138 33. Bc2 Bh5 34. Ne4
(34. Bxh7 $6 g6) 34... g5 35. Bd3 a5 36. Be2 $138 Bg6 37. Rd5 g4 38. Kd1 (38.
Rxa5 $142) 38... h5 39. Rxa5 Be7 40. Re5 Bxe4 41. Rxe4 g3 42. Bf1 Nf6 43. Rd4
Bc5 44. Rc4 Bf2 (44... Bd6 45. f4 {[%cal Gd1f3]}) (44... Bb6 45. Ke2 Nd5 46. f4
$18) 45. Ke2 Nd5 46. Re4 Kf7 47. Bh3 Kf6 48. f4 h4 49. Kf3 Ba7 50. Re6+ Kg7 (
50... Kf7 51. Rh6) 51. Re5 1-0

[Event "Moscow Tal Memorial 6th"]
[Site "Moscow"]
[Date "2011.11.19"]
[Round "4"]
[White "Aronian, Levon"]
[Black "Anand, Viswanathan"]
[Result "1/2-1/2"]
[WhiteElo "2802"]
[BlackElo "2811"]
[Annotator "Postny,E"]
[PlyCount "119"]
[EventDate "2011.11.16"]
[EventType "tourn"]
[EventRounds "9"]
[EventCountry "RUS"]
[EventCategory "22"]
[SourceTitle "CBM 146"]
[Source "ChessBase"]
[SourceDate "2012.01.18"]
[SourceVersion "1"]
[SourceVersionDate "2012.01.18"]
[SourceQuality "1"]

1. d4 Nf6 2. c4 e6 3. Nf3 d5 4. Nc3 Be7 5. Bf4 O-O 6. e3 Nbd7 7. Be2 dxc4 8.
O-O $1 $146 {[%mdl 8] Surprisingly, this hasn't appeared before. I wouldn't
claim that this novelty is overwhelming, but it definitely expands the room
for theoretical discussion in this topical line.} (8. Bxc4 a6 9. a4 c5 10. O-O
cxd4 11. Qxd4 Nb6 12. Bb3 Qxd4 13. Nxd4 Bd7 14. Bc7 Nbd5 15. Nxd5 Nxd5 16. Bxd5
exd5 17. Rfd1 Bf6 18. Ba5 Rfc8 $11 {1/2-1/2 Short,N (2658)-Fridman,D (2655)/
Caleta 2011/CB05_2011 (32)}) 8... Nd5 $6 (8... a6 $5 {is worth being checked
in practice.} 9. a4 c5 10. d5 {The best way to fight for an initiative.} (10.
dxc5 Nh5 11. Bd6 Nxc5 12. Bxe7 Qxe7 13. Ne5 Nf6 14. Nxc4 a5 $11) 10... exd5 11.
Nxd5 Nxd5 12. Qxd5 Nf6 13. Qe5 $1 (13. Qxc4 Be6 14. Qc2 Qb6 $11) 13... Qe8 (
13... Be6 14. Ng5 $14) 14. Bxc4 $14) (8... c5 {is the best continuation, Anand
adopted this as well in the London Chess Classic.}) 9. Bxc4 $1 {White doesn't
mind exchanging his bishop and spoiling the pawn structure. The advantage in
development and space will yield him a long-lasting initiative.} Nxf4 10. exf4
c5 (10... Nb6 11. Bb3 c6 {would be too passive. The control over the square d5
is Black's only trump. All his pieces are on last three ranks and the
light-squared bishop has no prospects.}) 11. dxc5 (11. d5 $6 Nb6 12. b3 exd5
13. Nxd5 Nxc4 14. bxc4 Be6 $11) 11... Qc7 {[%csl Rf4]} (11... Nxc5 12. Qe2 Bd7
13. Rfd1 Qb6 14. Ne5 $14) (11... Bxc5 12. Bd3 b6 13. Qc2 (13. Bxh7+ $2 {
doesn't work} Kxh7 14. Ng5+ Kg8 {and the knight will cover from f6.}) 13... g6
14. Be4 Rb8 15. Rfd1 Qe7 16. Rd2 Nf6 17. Ne5 Bb7 18. Bxb7 Qxb7 19. Rad1 $14)
12. g3 Qxc5 13. Qe2 Nb6 (13... a6 14. Rac1 b5 15. Bxe6 $1 fxe6 16. Qxe6+ Rf7
17. Nd5 Qd6 18. Nxe7+ Qxe7 19. Qc6 Rb8 20. Rfe1 Qf6 21. Re6 Qd8 22. Ng5 Bb7 23.
Nxf7 Kxf7 24. Qd6 Nf8 25. Qxd8 Rxd8 {Black holds, but the whole variation is
frightening for him along the way.}) 14. Bd3 Qh5 (14... Bd7 15. Ne5 Bc6 16.
Rac1 $16 {Black's queen is vulnerable.}) 15. Qe3 Bf6 16. Ng5 $1 Bxc3 {This is
a human decision. An engine prefers the other knight.} (16... Bxg5 $5 17. fxg5
Bd7 18. Be2 Qg6 19. Rad1 Bc6 20. Rd4 {Threatening 21.Bd3 Qh5 22.Rh4.} h6 21. f4
Rfd8 22. Bd3 Qh5 23. Bh7+ $1 (23. g6 fxg6 24. Qxe6+ Kh7 25. g4 Qh3 26. Qxg6+
Kg8 27. Qh7+ Kf8 (27... Kf7 $4 28. Bg6+ Kf6 29. g5+ Ke6 30. Re1+ {mating.}) 28.
Qf5+ Kg8 $11) 23... Kh8 (23... Kxh7 24. Qd3+ $16 {[%csl Rd8,Rh7]}) 24. Be4 $14)
17. bxc3 h6 18. Be2 Qg6 19. Nf3 Qf6 20. Ne5 Bd7 21. c4 Qe7 {Finally the queen
has found a safe shelter.} 22. Qe4 Bc6 $5 {Anand is ready to sacrifice a pawn
to release the pressure and complete the development.} (22... Rab8 23. Bd3 g6
24. h4 Na4 25. h5 Nc5 26. Qf3 $16) 23. Nxc6 bxc6 24. Qxc6 Rac8 25. Qe4 Rc7 26.
Rfd1 Rfc8 27. Rd4 g6 {Black has a good blockade against the c-pawn. However,
the evaluation is clear - White is much better, the only question is whether
he can win it or not.} 28. Rad1 Qf6 29. Qc2 Rc5 30. Qb3 Qe7 31. Bf1 R5c7 32.
Qb5 Rc5 33. Qb4 R5c7 $6 {I don't think that Black should allow the exchange of
queens, at least under these circumstances.} (33... Kg7 {was a good stand-by
move.} {If White insists on a queen swap by} 34. Rd8 R8c7 35. Qc3+ e5 36. fxe5
Qxe5 37. Qxe5+ Rxe5 {then the c-pawn will never go forward.}) 34. Qxe7 Rxe7 35.
Rd8+ Rxd8 36. Rxd8+ Kg7 37. c5 {Now the passed pawn becomes dangerous.} Nd5 38.
Bc4 Nf6 39. Rc8 Rd7 40. Bb5 $2 {Wasting time.} (40. c6 Rd1+ 41. Kg2 Rc1 42. Bb5
Nd5 43. a4 Nb4 44. Ra8 {White can't promote the c-passer, so has to exchange
it for the a-pawn.} a5 45. Rxa5 Nxc6 46. Ra8 Nd4 47. Be8 {This must be winning
for White. Black's knight on d4 is harmless.}) 40... Rd1+ 41. Kg2 Ra1 42. a4 a6
43. Bc6 (43. Bxa6 Rxa4 44. Bb7 Rc4 {makes Black's defensive task easier.})
43... Rc1 44. Ra8 Rxc5 45. Rxa6 Rc2 46. a5 (46. h3 Nd5 47. Bxd5 exd5 {This
endgame would end in a draw as the a- and d-pawns will be exchanged.}) (46. Bf3
{will be met by the same idea} Nd5) 46... Ng4 47. Be8 Kf8 48. Ra8 Rxf2+ 49. Kg1
Ra2 50. Bb5+ Kg7 51. a6 Nxh2 52. Rc8 Nf3+ 53. Kf1 Nd4 54. Bc4 Ra3 55. Rc7 Nf5 {
[%cal Gf5e3]} 56. Bxe6 {Admitting that the all the advantage faded away.} Rxa6
57. Bxf7 Kf6 58. Bc4 Ne3+ 59. Kf2 Nxc4 60. Rxc4 1/2-1/2